| 000 | 00614nam a2200145Ia 4500 | ||
|---|---|---|---|
| 008 | 220216s9999 xx 000 0 und d | ||
| 100 | _aDesheng Zhang | ||
| 245 | 0 | _aPractice, problems and countermeasures of rubber tree typhoon disaster insurance in Hainan state farms | |
| 260 | _bClimate Change, Low Carbon Economy and Sustainable Natural Rubber Industry: Preprints of Proceedings of IRRDB International Rubber Conference 2010, 18-19 October 2010 Sanya, Hainan, China, pp. 631-639. | ||
| 650 | _aHainan | ||
| 650 | _aTyphoon disaster insurance | ||
| 700 | _aFusheng Luo | ||
| 700 | _aGuohua Fu | ||
| 942 | _cJS | ||
| 999 |
_c65436 _d65436 |
||